| 000 | 00782nam a2200217Ia 4500 | ||
|---|---|---|---|
| 003 | GCL | ||
| 005 | 20240530103116.0 | ||
| 008 | 140319s9999 xx 000 0 ara d | ||
| 040 |
_aGCL / _cGCL |
||
| 082 | 0 | 4 |
_a411.5 _bك م |
| 100 | 1 | _aرمضان عبدالتواب | |
| 245 | 1 | 0 |
_aما تلحن فيه العامة / _cرمضان عبدالتواب |
| 260 |
_a[S.N] : _bمكتبة الخانجى ، _c1982 |
||
| 300 | _a167 ص | ||
| 490 |
_aسلسلة كتب لحن العامة ,(2) _v0 |
||
| 650 | 0 | 4 | _aالاصوات اللغوية |
| 650 | 0 | 4 | _aاللغة العربية |
| 650 | 0 | 4 | _aاللهجات العربية |
| 700 | 1 | _aالكسائى : ابو الحسن على بن حمزة بن عبدالله بن عثمان بن فيروز الاسدى | |
| 942 |
_2ddc _cBK |
||
| 999 |
_c36887 _d36887 |
||